<?xml version="1.0" encoding="UTF-8"?>
<collection xmlns="http://www.loc.gov/MARC21/slim">
  <record>
    <leader>00000nam  2200000   4500</leader>
    <controlfield tag="001">INLIS000000000000848</controlfield>
    <controlfield tag="005">20180724140416</controlfield>
    <controlfield tag="008">180724|||||||||   |   |||   |||| ||   | </controlfield>
    <datafield tag="035" ind1=" " ind2=" ">
      <subfield code="0">010-0718000848</subfield>
    </datafield>
    <datafield tag="041" ind1=" " ind2=" ">
      <subfield code="a">id</subfield>
    </datafield>
    <datafield tag="082" ind1=" " ind2=" ">
      <subfield code="a">039</subfield>
    </datafield>
    <datafield tag="090" ind1=" " ind2=" ">
      <subfield code="a">R 039 PIM I 2015</subfield>
    </datafield>
    <datafield tag="100" ind1=" " ind2=" ">
      <subfield code="a">Hariyanto</subfield>
    </datafield>
    <datafield tag="245" ind1=" " ind2=" ">
      <subfield code="a">Optimalisasi Penerapan Community Policing Melalui Patroli Diagnosis Sabhara di Polsek Ngaliyan Semarang</subfield>
    </datafield>
    <datafield tag="260" ind1=" " ind2=" ">
      <subfield code="a">Jakarta</subfield>
      <subfield code="b">LAN Jakarta</subfield>
      <subfield code="c">2015</subfield>
    </datafield>
    <datafield tag="300" ind1=" " ind2=" ">
      <subfield code="a">26 hlm, lamp.</subfield>
    </datafield>
    <datafield tag="500" ind1=" " ind2=" ">
      <subfield code="a">Meskipun kegiatan patroli sendiri telah diatur dalam Peraturan Kepala Badan Pemelihara Keamanan No. 4 tahun 2011 tentang patroli, namun patroli dialogis belum di uraikan secara terperinci.  Kegiatan Patroli Dialogis merupakan kegiatan patroli yang bersifat pembinaan (pre-emptive) dan persuasive.  Melalui Patroli Dialogis, polisi membina masyarakat mengenai pentingnya kewaspadaan terhadap situasi keamanan dan ketertiban di lingkungan mereka.  Untuk mendukung terlaksananya Patroli Dialogis kemitraan Polri dengan stakeholder diperlukan demi terciptanya situasi Kamtibmas yang kondusif.&#13;
Manfaat yang akan dihasilkan dari pelaksanaan proyek perubahan ini antara lain: meningkatnya kesadaran hukum masyarakat dan partisipasi masyarakat dalam menjaga dan menciptakan Kamtibmas di lingkungannya masing-masing, mengendalikan peristiwa yang mengganggu keamanan, ketertiban, dan ketentraman masyarakat, Polri menjadi lebih efektif dan efisien dalam memelihara Kamtibmas di lingkungan masyarakat, dan kepercayaan masyarakat meningkat terhadap kinerja Polri.</subfield>
    </datafield>
    <datafield tag="650" ind1=" " ind2=" ">
      <subfield code="a">Community</subfield>
    </datafield>
  </record>
</collection>
